Cours de geometrie
Saved in:
| Corporate Author: | |
|---|---|
| Format: | Book |
| Language: | French |
| Published: |
Paris :
Librairie Generale,
1936
|
| Series: | Cours de mathematiques elementaires
|
| Subjects: | |
| Tags: |
Add Tag
No Tags, Be the first to tag this record!
|
MARC
| LEADER | 00000cam a2200000 a 4500 | ||
|---|---|---|---|
| 001 | 1/107849 | ||
| 008 | 150807s1936####fr | ||| |||| ||fre|| | ||
| 040 | |a GR-MyUa |b gre |c GR-MyUa |e AACR2 | ||
| 041 | 0 | |a fre | |
| 082 | 7 | |a 516 |2 (23) | |
| 110 | 2 | |a Une Reunion de professeurs. | |
| 245 | 1 | 0 | |a Cours de geometrie / |c par Une Reunion de Professeurs. |
| 260 | |a Paris : |b Librairie Generale, |c 1936 | ||
| 300 | |a 477 σ. : |b σχέδια ; |c 22 εκ. | ||
| 490 | 1 | |a Cours de mathematiques elementaires | |
| 650 | 0 | |a Geometry. | |
| 830 | 0 | |a Cours de mathematiques elementaires | |
| 852 | |a INST |b SAMOS |c MAG |e 20150807 |h 516 UNE |p 005300034858 |q 005300034858 |t BK |y 0 | ||
| 970 | |a Σιτζίμη |b Γιασεμή |z 07/08/2015 | ||